000 04187njm0a22005171 4500
001 RU\NLR\ONIZ\214475
005 20250708192703.0
035 _a(NLR Aleph) 011200809
035 _aRU\NLR\ONIZ\GALA\5000028555\20160816130608
071 0 0 _aA10-00373-4
090 _a13283388
_c13283388
100 _a20160816d1988 |||y0rusy50 ca
102 _aRU
126 _aabuxexu ux
_bxxx
127 _a000045
135 _ahonoannnanndn
200 1 _aˆ[‰Концерт] Сергея Стадлера, скрипка
_bЗвукозапись
_fсопровожд.: Акад. симф. орк. Ленингр. филармонии. дир. В. Понькин
210 _aМ.
_cМелодия
_d1988
215 _a1 зв. диск [ГОСТ 5289-80](45 мин): 33 об/ мин, стерео; 30 см, в конв.
325 _aКопия доступна в Электрон. б-ке РНБ
327 1 _aХаванез : Пьеса для скрипки с оркестром : соч. 83 / К. Сен-Санс.
_aЦыганка : Концертная рапсодия для скрипки с орк. / М. Равель.
_aПоэма : для скрипки с орк. : соч. 25 / Э. Щоссон.
_aИнтродукция и рондо каприччиозо : для скрипки с оркестром : соч. 28 / К. Сен-Санс
464 0 _12001#$aХаванез$eПьеса для скрипки с оркестром$eсоч. 83$fК. Сен-Санс
_1686##$aЩ955.4-058.9(4Фр)$vLBC/SL$2rubbk
_1700#1$9z01790$aСен-Санс$bК.$gКамилл$f1835-1921$4230
_1790#1$9z01700$aSaint-Saëns$bC.$gCamille$f1835-1921$4230
_tХаванез
_aСен-Санс, Камилл (1835-1921)
464 0 _12001#$aЦыганка$eКонцертная рапсодия для скрипки с орк.$fМ. Равель
_1686##$aЩ955.4-051(4Фр)$vLBC/SL$2rubbk
_1700#1$9z01790$aРавель$bМ.$gМорис$f1875-1937$4230
_1790#1$9z01700$aRavel$bM.$gMaurice$f1875-1937$4230
_tЦыганка
_aРавель, Морис (1875-1937)
464 0 _12001#$aПоэма$eдля скрипки с орк.$eсоч. 25$fЭ. Щоссон
_1686##$aЩ955.4-051(4Фр)$vLBC/SL$2rubbk
_1700#1$9z01790$aШоссон$aШоссон$bЭ.$bЭ.$gЭрнест$gЭрнест$f1855-1899$f1855-1899$4230
_1790#1$9z01700$aChausson$aChausson$bE.$bE.$gErnest$gErnest$f1855-1899$f1855-1899$4230
_tПоэма
_aШоссон, Эрнест (1855-1899)
464 0 _12001#$aИнтродукция и рондо каприччиозо$eдля скрипки с оркестром$eсоч. 28$fК. Сен-Санс
_1686##$aЩ955.4-056(4Фр)$vLBC/SL$2rubbk
_1700#1$9z01790$aСен-Санс$bК.$gКамилл$f1835-1921$4230
_1790#1$9z01700$aSaint-Saëns$bC.$gCamille$f1835-1921$4230
_tИнтродукция и рондо каприччиозо
_aСен-Санс, Камилл (1835-1921)
606 1 _aИсполнительское искусство скрипачи
_xЗвукозапись
_z20 в.
_yРоссия
_2nlr_sh
686 _aЩ955.4, 8(3)
_vLBC/SL
_2rubbk
700 1 _9z02790
_aСтадлер
_bС. В.
_f1962-
_gСергей Валентинович
_4590
_4svl
702 1 _9z03790
_aПонькин
_bВ. А.
_f1951-
_gВладимир Александрович
_4250
712 0 2 _aАкадемический симфонический оркестр Ленинградской государственной филармонии
_4590
790 1 _9z02700
_aStadler
_aStadler
_bS. V.
_bS. V.
_f1962
_f1962
_gSergej Valentinovich
_gSergej Valentinovich
_4590
_4svl
790 1 _9z03702
_aPon'kin
_bV.
_f1951-
_gVladimir
_4250
801 0 _aRU
_bNLR
_c20160816
_gPSBO
801 1 _aRU
_bNLR
_c20160816
_2rusmarc
801 2 _aRU
_bNLR
_c20160824
852 _aNLR
_bМг
_j3/8170
_p38243
_t1
856 0 _uhttp://vivaldi.nlr.ru/mk000000378/view
856 1 _uhttp://vivaldi.nlr.ru/mk000000378/cover
856 2 _uhttp://vivaldi.nlr.ru/mk000000378/text
942 _cREC
980 _aNB
980 _aONIZ
981 2 4 _a(24) Нотные издания и аудиозаписи
_b(24) Грампластинки